000 01996nam0a2200385 4500
001 RU\NLR\bibl\26090
005 20260406140431.0
010 _a5-237-01649-9
_bООО "Фирма "Изд-во АСТ"
010 _a5-7390-0843-3
_b"Олимп"
_97000
021 _aRU
_b99-11406
_9548
035 _a(NLR Aleph) 000025417
090 _a122303
_c122303
100 _a19990507d1999 |||y0rusy50 ca
101 0 _arus
102 _aRU
105 _ay |||||||||
200 1 _aСтихотворения
_aПоэмы
_aКнязь Серебряный
_aСочинения Козьмы Пруткова
_fА.К. Толстой
_g[Сост., предисл., коммент., справ. и метод. материалы С.Ф. Дмитренко]
210 _aНазрань
_cАСТ
_aМ.
_cОлимп
_d1999
215 _a584 с.
_d21
225 1 _aШкола классики
_eШК
_eКнига для ученика и учителя
300 _aНа тит. л. и обл. загл. сер.: Книга для ученика и учителя
320 _aБиблиогр.: с. 580-581 и в подстроч. прим.
327 1 _aВ кн. также: Критика и коммент.; Темы и развернутые планы соч.; Материалы для подгот. к уроку
600 1 _aТолстой
_bА.К.
_f1817 - 1875
_gАлексей Константинович
_xИзучение в школе
_92086069
_3RU\NLR\auth\661262196
686 _aШ9(2)62=Р5я44
686 _aЧ426.21,6(2)315.8ТолстойА.К.
700 1 _4070
_7ca
_8rus
_aТолстой
_bА. К.
_f1817-1875
_gАлексей Константинович
_9113040
_3RU\NLR\auth\773033
702 1 _4220
_7ca
_8rus
_aДмитренко
_bС. Ф.
_gСергей Федорович
_929274
_3RU\NLR\auth\7746339
801 0 _aRU
_bNLR
_c19990507
_gPSBO
801 1 _aRU
_bNLR
_c19990507
852 _aNLR
_j99-3/2956
942 _cBOOK
980 _aNB